Večer u Felixovcov

Podrobná bibliografia
Hlavný autor: Turčány, Viliam, 1928-2021 (Autor)
Médium: Článok
Jazyk:slovenčina
Fyzický popis:Fotogr.
Predmet:
On-line prístup:http://www.pavolstrauss.sk/sites/default/files/letter-pdfs/listyPS-9.pdf

MARC

LEADER 00000nab a2200000 ar4500
001 vtls010461604
003 SK-MaSNL
005 20260304014640.0
008 241209|2008 xo |r||||||||||00 b|slo
015 |a SNBRB2012/10  |2 snkbucl 
038 |a SNKBUCL 
040 |a SNKBUCL  |b slo  |e AACR2  |c SNKBUCL 
041 0 |a slo 
044 |a xo  |c SK 
080 |a 821.162.4-1  |2 2001 
100 1 |a Turčány, Viliam,  |d 1928-2021  |4 aut  |9 102025 
245 1 0 |a Večer u Felixovcov  |c Viliam Turčány 
300 |b Fotogr. 
655 7 |a slovenská poézia  |2 snkbucl  |9 70444 
773 0 |t Listy PS  |g Č. 9 (2008), s. 10 
852 |a SNK  |b KIS3GCP 
856 4 1 |u http://www.pavolstrauss.sk/sites/default/files/letter-pdfs/listyPS-9.pdf 
958 |a LX 
999 |c 2586643  |d 2588573